Thomas Telford, county surveyor (Record no. 106901)

MARC details
000 -LEADER
fixed length control field 01070cab a22002175a 4500
001 - CONTROL NUMBER
control field L137791
008 - FIXED-LENGTH DATA ELEMENTS--GENERAL INFORMATION
fixed length control field 070430s2007 xxkbo f 000 0beng d
035 ## - SYSTEM CONTROL NUMBER
System control number (Sirsi) u137791
041 0# - LANGUAGE CODE
Language code of text/sound track or separate title eng
100 1# - MAIN ENTRY--PERSONAL NAME
Personal name Cross-Rudkin, P. S. M.
245 00 - TITLE STATEMENT
Title Thomas Telford, county surveyor
260 ## - PUBLICATION, DISTRIBUTION, ETC.
Date of publication, distribution, etc. 2007
490 #0 - SERIES STATEMENT
Series statement Civil Engineering
Volume/sequential designation 160 May 2007, 7-11(5)
520 ## - SUMMARY, ETC.
Summary, etc. Describes Thomas Telford's early years as the first county surveyor of Shropshire. These were marked by a challenging relationship with som eof the justices of the peace, his employers. Portrays Telford a an active moderniser of Shropshire's infrastructure. Gives particular reference to the upkeep of bridges and the creation of standardised cast iron designs for economy. Provides an overview of his work beyond the county. Describes his part in the development of Thomas Stanton who served as Telford's deputy.
590 ## - LOCAL NOTE (RLIN)
Local note KA
600 14 - SUBJECT ADDED ENTRY--PERSONAL NAME
Personal name Telford, Thomas
650 24 - SUBJECT ADDED ENTRY--TOPICAL TERM
Topical term or geographic name entry element BRIDGE ACT 1739
651 #4 - SUBJECT ADDED ENTRY--GEOGRAPHIC NAME
Geographic name England and Wales
Chronological subdivision 1543-
690 ## - LOCAL SUBJECT ADDED ENTRY--TOPICAL TERM (OCLC, RLIN)
Topical term or geographic name as entry element ENVIRONMENTAL AND LAND CONSULTANCY
942 ## - ADDED ENTRY ELEMENTS (KOHA)
Suppress in OPAC 0
Holdings
Withdrawn status Lost status Source of classification or shelving scheme Damaged status Not for loan Home library Current library Shelving location Date acquired Total Checkouts Full call number Barcode Date last seen Copy number Price effective from Koha item type
    Dewey Decimal Classification     London London Journal article 30/04/2007   L137791 137791-1001 06/08/2019 1 06/08/2019 Journal article